| 000 | 01454nam0a22003011 4500 | ||
|---|---|---|---|
| 001 | rc\3907777 | ||
| 005 | 20200710094823.0 | ||
| 021 |
_aRU _b[56-6095] |
||
| 035 | _a(NLR Aleph) 008017440 | ||
| 090 |
_a8739216 _c8739216 |
||
| 100 | _a20130415d1955 |||y0rusy50 ca | ||
| 101 | 0 | _arus | |
| 102 | _aRU | ||
| 105 | _aa z |||a| | ||
| 200 | 1 |
_aПартизанские встречи _e[Рассказы _fИл.: Г.Б. Праксеин] |
|
| 210 |
_aЛенинград _cЛениздат _d1955 |
||
| 215 |
_a203 с., 1 л. ил. _cил. _d17 |
||
| 327 | 1 | _aСодерж.: В городке на берегу Десны; По дорогам к Молдавии; Иван Кузьмич; По пути на Житомирщину; В Городницких лесах | |
| 464 | 0 | _12001#$aВ городке на берегу Десны$aПо дорогам к Молдавии$aИван Кузьмич$aПо пути на Житомирщину$aВ Городницких лесах | |
| 606 |
_aПартизанское движение в Великой Отечественной войне 1941-1945 гг. (х. л.) _2psbo |
||
| 700 | 1 |
_aАндреев _bВ. А. _cканд. ист. наук _f1906-1974 _gВасилий Андреевич _3RU\NLR\AUTH\770218345 |
|
| 702 | 1 |
_aПраксеин _bГ. Б. _4440 |
|
| 801 | 0 |
_aRU _bNLR _gpsbo |
|
| 801 | 1 |
_aRU _bELAR _2rusmarc |
|
| 852 |
_aNLR _jЛ30 Г-1/2101 |
||
| 942 | _cBOOK | ||
| 980 | _aNB | ||